书目信息 |
| 书名: | Introduction to Saint Thomas Aquinas | |
| 作者: | edited, with an introduction, by Anton C. Pegis. | |
| 分册号: | ||
| 分册名: | 出版地: | New York : |
|
| 出版社: | Modern Library | |
| 出版时间: | [1948]. | |
| 页数: | xxx, 690 p. ; | |
| 开本: | 19 cm. | |
| 丛书名: | ||
| 中图分类号: | ||
| 科图分类号: | ||
| 其他分类号: | B503.21 | |
| 主题词: | ||
| 电子资源: | ||
| 000 | 01041cam 22002891a 45 | |
| 001 | E0739670702 | |
| 005 | 20070317110340.35 | |
| 008 | 000315s1948 nyu b 000 0aeng | |
| 010 | @a 48002954 //r976 | |
| 020 | @a0-07-553653-6. | |
| 040 | @aDLC@cDLC@dCMI@dNUL | |
| 050 | 00 | @aBX890.T62@bE6 1948 |
| 082 | 00 | @a208.1 |
| 090 | @aB503.21 | |
| 099 | @dB503.21@ex4 | |
| 100 | 1 | @aThomas,@cAquinas, Saint,@d1225?-1274 |
| 240 | 10 | @aSelections.@lEnglish.@f1948 |
| 245 | 10 | @aIntroduction to Saint Thomas Aquinas / @cedited, with an introduction, by Anton C. Pegis. |
| 260 | @aNew York :@bModern Library,@c[1948]. | |
| 260 | @aBerkeley :@bBerkeley. | |
| 300 | @axxx, 690 p. ;@c19 cm. | |
| 490 | 0 | @aThe Modern library of the world's best books [259] |
| 500 | @a"Selections ... from Basic writings of St. Thomas Aquinas ... published in 1945." | |
| 504 | @aBibliography: p. 682-690. | |
| 610 | 20 | @aCatholic Church.@xDoctrines. |
| 650 | 0 | @aTheology, Doctrinal. |
| 700 | 1 | @aPegis, Anton Charles,@d1905-@eed. |
| Introduction to Saint Thomas Aquinas / / edited, with an introduction, by Anton C. Pegis.-New York : : Modern Library, , [1948].-Berkeley : : Berkeley. |
| xxx, 690 p. ; ; 19 cm.- (The Modern library of the world's best books [259] ) |
| "Selections ... from Basic writings of St. Thomas Aquinas ... published in 1945." .-Bibliography: p. 682-690. |
| ISBN 0-07-553653-6. |
| ● |
| 相关链接 |
|
|
|
|
正题名:Introduction to Saint Thomas Aquinas
索取号:B503.21/x4
 
预约/预借
| 序号 | 登录号 | 条形码 | 馆藏地/架位号 | 状态 | 备注 |
| 1 | 0002507 | 300025078 | 第二样本阅览室/ [索取号:B503.21/x4] | 在馆 | |
| 2 | 0002508 | 300025087 | 第四借阅区/ [索取号:B503.21/x4] | 在馆 | |
| 3 | 0002509 | 300025096 | 第四借阅区/ [索取号:B503.21/x4] | 在馆 |